LEADER 01025nam a2200241 i 4500 001 000000063896 003 CaOOAMICUS 005 20130327000000.0 008 130327s1944 xx u000 u fre u 013 $a35068 040 $aSeMil$bita 100 1 $aLossky, Vladimir <1903-1958>.$0(OLS)http://semarc/name/21202 245 10$aThéologie mystique de l'Église d'Orient /$cpar Vladimir Lossky de la Confrérie de S. Photius. 260 $a[Paris] :$bAubier-Montaigne,$ccopyr. 1944. 300 $a248 p. ;$c19 cm. 490 0 $aLes religions ;$v13 650 4$aTeologia ortodossa.$0(OLS)http://semarc/subject/2276 650 4$aTeologia mistica.$0(OLS)http://semarc/subject/1070 830 4$aLes religions ;$v13.$0(OLS)http://semarc/title/18256 850 $aSeMil 852 $aSeMil$W1$xVenegono$y1$m2M I 16$j30049$B30049$CSeMilBibl$Z2$F30052 $81 996 $6245$aThéologie mystique de l'Église d'Orient$9(OLS)http://semarc/title/101005 996 $6260$a[Paris] :$bAubier-Montaigne$9(OLS)http://semarc/publisher/32916 LEADER 01549nam a2200301 i 4500 001 000000247784 003 CaOOAMICUS 005 20260318144311.0 008 160208s2015 it u000 u ita u 013 $a226689 020 $a978-88-7653-684-7 040 $aSeMil$bita 100 1 $aLandi, Antonio,$d<1980- >.$0(OLS)http://semarc/name/82944 245 13$aLa testimonianza necessaria :$bPaolo, testimone della salvezza universale a Roma in At 28, 16-31 /$cAntonio Landi ; prefazione di Dean Béchard. 264 1$aRoma :$bGBP, Gregorian & Biblical Press,$c2015. 300 $a455 p. ;$c21 cm. 490 1 $aAnalecta Biblica ;$v210 650 4$aBibbia. Nuovo Testamento. Atti degli Apostoli - Commentari, studi, critica, interpretazioni.$0(OLS)http://semarc/subject/30 650 4$aBibbia. Nuovo Testamento. Atti degli Apostoli, 28,16-31.$0(OLS)http://semarc/subject/21366 700 1 $aBéchard, Dean Philip,$c.$0(OLS)http://semarc/name/37675 830 0$aAnalecta biblica ;$v210.$0(OLS)http://semarc/title/6 850 $aSeMil 852 $aSeMil$W1$xVenegono$y1$m2HA G 210$j268665$B198130$CSeMilBibl$Z2$F209329 $81 961 $aSottoscrizione: Pontificio Istituto Biblico 996 $6020$a978-88-7653-684-7$9(OLS)http://semarc/number/257228 996 $6245$aLa testimonianza necessaria :$bPaolo, testimone della salvezza universale a Roma in At 28, 16-31$9(OLS)http://semarc/title/349815 996 $6264$aRoma :$bGBP, Gregorian & Biblical Press$9(OLS)http://semarc/publisher/33573